Formula 1 Drivers 2025 - Statistics

General Stats
  • This quiz has been taken 48 times
    37 since last reset
  • The average score is 16 of 19
Answer Stats
Picture Hint Answer % Correct
Dutch Anthem Max Verstappen
96%
Monaco Charles Leclerc
93%
Legends never Die Fernando Alonso
93%
His Dad owns the Team Lance Stroll
93%
Mega Deal Lewis Hamilton
93%
Smoth Opperator Carlos Sainz
89%
Sochi 2021 Lando Norris
89%
The German One Nico Hülkenberg
89%
Japan Yuki Tsunoda
89%
Ocean Boy Liam Lawson
86%
Visibile Confuison Sergio Perez
86%
Number One George Russel
82%
Australia Oscar Piastri
82%
Williams Esteban Ocon
79%
Fast Blue Car Kimi Antonelli
79%
Downforce Pierre Gasly
79%
The New One Franco Collapinto
75%
Ferrari Kid Olliver Bearman
75%
Ricardo Replace Jack Doohan
71%
No matching quizzes found
Score Distribution
Percent of People with Each Score
Percentile by Number Answered
Your Score History
You have not taken this quiz since the last reset